00709nam a2200169 a 450000100100000000500170001000800410002702000150006804000250008310000290010824501710013726000460030830000280035470000350038295201050041799900170052200003827520201002031220.0130408s2003 ck 000 0 spa d a9580471207 aDO-SdBNPbspacBNPHU1 aBohan, William F.96464513aEl poder oculto de la productividad :bcómo mejorar la productividad en un 30% sin tener que despedir a nadie! /cWilliam F. Bohan ; traducción Ángela García. aBogotá, Colombia :bGrupo Norma,c2003. a213 p. :bil. ;c22 cm.1 aGarcía, Ángelaetr.964646 001050718MOaPDbPDcCTd2013-04-08iLF1l0o p38275-10r2020-06-25w2020-06-25y1ZNo se presta c37765d37765